<?xml version="1.0" encoding="UTF-8"?><?xml-stylesheet type="text/xsl" href="static/style.xsl"?><OAI-PMH xmlns="http://www.openarchives.org/OAI/2.0/" xmlns:xsi="http://www.w3.org/2001/XMLSchema-instance" xsi:schemaLocation="http://www.openarchives.org/OAI/2.0/ http://www.openarchives.org/OAI/2.0/OAI-PMH.xsd"><responseDate>2026-04-18T07:27:20Z</responseDate><request verb="GetRecord" identifier="oai:www.recercat.cat:2072/415494" metadataPrefix="marc">https://recercat.cat/oai/request</request><GetRecord><record><header><identifier>oai:recercat.cat:2072/415494</identifier><datestamp>2026-03-25T03:48:09Z</datestamp><setSpec>com_2072_98</setSpec><setSpec>col_2072_378192</setSpec></header><metadata><record xmlns="http://www.loc.gov/MARC21/slim" xmlns:dcterms="http://purl.org/dc/terms/" xmlns:xsi="http://www.w3.org/2001/XMLSchema-instance" xmlns:doc="http://www.lyncode.com/xoai" xsi:schemaLocation="http://www.loc.gov/MARC21/slim http://www.loc.gov/standards/marcxml/schema/MARC21slim.xsd">
   <leader>00925njm 22002777a 4500</leader>
   <datafield ind2=" " ind1=" " tag="042">
      <subfield code="a">dc</subfield>
   </datafield>
   <datafield ind2=" " ind1=" " tag="720">
      <subfield code="a">Simarro Rodríguez, Cristina</subfield>
      <subfield code="e">author</subfield>
   </datafield>
   <datafield ind2=" " ind1=" " tag="720">
      <subfield code="a">Couso, Digna</subfield>
      <subfield code="e">author</subfield>
   </datafield>
   <datafield ind2=" " ind1=" " tag="260">
      <subfield code="c">2013</subfield>
   </datafield>
   <datafield ind2=" " ind1=" " tag="520">
      <subfield code="a">Pese a la importancia que la enseñanza de las ciencias da al trabajo experimental, ciertos autores han evidenciado una falta de efectividad del planteamiento de este tipo de trabajo. La presente investigación propone un marco de indagación basada en la modelización (IBM) para el trabajo experimental y lo utiliza para analizar las visiones del profesorado respecto a este tipo de actividad. Ciertos perfiles se identifican al respecto a través del análisis de entrevistas personales al profesorado en base a sus percepciones. Los primeros resultados indican que el trabajo experimental parece ser importante para el profesorado a pesar de la forma tradicional en que éste es llevado a la práctica. Algunas visiones podrían ser tomadas en cuenta como puntos de partida de una IBM, teniendo en cuenta los facilitadores y las limitaciones con los que se encuentra el profesorado.</subfield>
   </datafield>
   <datafield tag="653" ind2=" " ind1=" ">
      <subfield code="a">Trabajo experimental</subfield>
   </datafield>
   <datafield tag="653" ind2=" " ind1=" ">
      <subfield code="a">Enseñanza de las ciencias basada en la indagación</subfield>
   </datafield>
   <datafield tag="653" ind2=" " ind1=" ">
      <subfield code="a">Indagación basada en la modelización</subfield>
   </datafield>
   <datafield ind2="0" ind1="0" tag="245">
      <subfield code="a">Visiones del profesorado de ciencias sobre el trabajo experimental : análisis desde un marco de indagación</subfield>
   </datafield>
</record></metadata></record></GetRecord></OAI-PMH>